书目信息 |
| 题名: |
古典艺术
|
|
| 作者: | 沃尔夫林 著 ;潘耀昌 译 | |
| 分册: | ||
| 出版信息: | 北京 中国人民大学出版社 2003.01 |
|
| 页数: | 264页 | |
| 开本: | 26cm | |
| 丛书名: | 西方艺术史论名著 | |
| 单 册: | ||
| 中图分类: | J154 | |
| 科图分类: | ||
| 主题词: | 美术--概况--世界 | |
| 电子资源: | ||
| ISBN: | 978-7-300-05163-5 | |
| 000 | 00973nam 2200253 450 | |
| 001 | 616897 | |
| 005 | 20100810153529.85 | |
| 010 | @a978-7-300-05163-5@dCNY39.80 | |
| 100 | @a20100515d2005 km y0chiy0120 ea | |
| 101 | 1 | @achi@cswe |
| 102 | @aCN@b110000 | |
| 105 | @aa a 000yy | |
| 200 | 1 | @a古典艺术@Agu dian yi shu@e意大利文艺复兴艺术导论@f(瑞) 海因里希·沃尔夫林著@F(rui)hai yin li xi·wo er fu lin zhu@g潘耀昌译@Gpan yao chang yi |
| 210 | @a北京@c中国人民大学出版社@d2003.01 | |
| 215 | @a264页@c图@d26cm | |
| 225 | 2 | @a西方艺术史论名著 |
| 330 | @a本书共分两部分,主要讨论了意大利文艺复兴时期艺术,第一部分分别介绍、赏析文艺复兴盛期大师们和这些大师前辈们的作品;第二部分描述了文艺复兴古典风格所具有的审美理想、审美观念和绘画形式的特征。 | |
| 410 | 0 | @12001 @a西方艺术史论名著 |
| 606 | 0 | @a美术@x概况@x世界 |
| 690 | @aJ154@v4 | |
| 701 | 1 | @a沃尔夫林@Awo er fu lin@4著 |
| 702 | @a潘耀昌@Apan yao chang@4译 | |
| 801 | @aCN@c20100515 | |
| 905 | @dJ154@eW705@f5 | |
| 古典艺术:意大利文艺复兴艺术导论/(瑞) 海因里希·沃尔夫林著/潘耀昌译.-北京:中国人民大学出版社,2003.01 |
| 264页:图;26cm.-(西方艺术史论名著) |
| ISBN 978-7-300-05163-5:CNY39.80 |
| 本书共分两部分,主要讨论了意大利文艺复兴时期艺术,第一部分分别介绍、赏析文艺复兴盛期大师们和这些大师前辈们的作品;第二部分描述了文艺复兴古典风格所具有的审美理想、审美观念和绘画形式的特征。 |
| ● |
| 相关链接 |
|
|
|
正题名:古典艺术
索取号:J154/W705
 
预约/预借
| 序号 | 登录号 | 条形码 | 馆藏地/架位号 | 状态 | 备注 |
| 1 | 1020754 | 210207541 | 自科二线404/309社科库 66排4列3层/ [索取号:J154/W705] | 在馆 | |
| 2 | 1020755 | 210207550 | 自科二线404/309社科库 66排4列3层/ [索取号:J154/W705] | 在馆 | |
| 3 | 1020756 | 210207569 | 自科二线404/404自科库 4排2列1层/ [索取号:J154/W705] | 在馆 | |
| 4 | 1020757 | 210207578 | 自科二线404/404自科库 5排6列1层/ [索取号:J154/W705] | 在馆 | |
| 5 | 1020758 | 210207587 | 自科二线404/404自科库 5排6列1层/ [索取号:J154/W705] | 在馆 |